=LDR 00000nam 2200000 4500 =001 000402 =005 20250710032607 =035 ##$$a 0010-0725000264 =007 ta =008 250710################a##########0#ind## =020 ##$$a 978-623-307-118-889-2 =082 ##$$a 398.209 598 =084 ##$$a 398.209 598 ADI m =100 #$$a Adiputri, Zulfa utami =245 1#$$a Mana Yang Lebih Panjang /$c Zulfa Adiputri =250 ##$$a cetakan kedua =260 ##$$a Jakarta Timur :$b Badan Pengembangan dan Pembinaan Bahasa,$c 2024 =300 ##$$a 28 hlm. : $b Ilus. ; $c 29,7 cm =856 ##$$a TBM As-suhada =990 ##$$a TBM01270127